Manual on the packaging of cut flowers and plants.
| Format: | Book |
|---|---|
| Published: |
Geneva:
International Trade Centre UNCTAD/GATT,
1993.
|
| LEADER | 00471cam a2200145 7i4500 | ||
|---|---|---|---|
| 001 | 0000002632 | ||
| 005 | 19991025090000.0 | ||
| 002 | ##000003874 | ||
| 020 | 0 | 0 | |a T000003828 |
| 090 | 0 | 0 | |a P 635.9 |b MAN |
| 245 | 0 | 0 | |a Manual on the packaging of cut flowers and plants. |
| 260 | 0 | 0 | |a Geneva: |b International Trade Centre UNCTAD/GATT, |c 1993. |
| 300 | 0 | 0 | |a 147 p.. |
| 999 | |a 000004161 |b Book |c Open shelf |e Business Information Centre | ||
| 999 | |a 000004160 |b Book |c Open shelf |e Business Information Centre | ||